| 000 | 01108cam a22002891i 4500 | ||
|---|---|---|---|
| 003 | SA-RiAUC | ||
| 005 | 20240930135429.0 | ||
| 008 | 240924s1985 su f 00010 ara c | ||
| 040 |
_aKAPL _bara _cSA-RiAUC _erda |
||
| 050 | 4 | _bZ57 1985 | |
| 072 | 7 | _a026 | |
| 082 | 0 | 4 |
_a231.9 _qSA-RiAUC |
| 090 |
_a231.9 _b ز ي ر |
||
| 100 | 1 |
_aالزير، محمد بن حسن عبد العزيز، _d1372 هجري- _eمؤلف. |
|
| 245 | 1 | 2 |
_aالقصص في الحديث النبوي : _bدراسة فنية وموضوعية / _cتأليف محمد بن حسن الزير. |
| 250 | _aالطبعة الثالثة. | ||
| 264 | 1 |
_aالرياض : _bمحمد بن حسن عبد العزيز الزير، _c1985 |
|
| 300 |
_a571، 6 صفحة ؛ _c24 سم. |
||
| 336 |
_aنص _btxt _2rdacontent _3كتاب |
||
| 337 |
_aبدون وسيط _bn _2rdamedia |
||
| 338 |
_aمجلد _bnc _2rdacarrier |
||
| 490 | 0 | _aفي سبيل أدب إسلامي | |
| 650 | 7 |
_aالحديث _xبلاغة _2aucsh |
|
| 650 | 7 |
_aالحديث _vقصص _2aucsh |
|
| 942 |
_2ddc _cBOOK _n0 |
||
| 949 |
_aSA-JeALM _d240924 _umohamedma123 _n1 |
||
| 999 |
_c700 _d700 |
||